Interacción de los campos electromagnéticos de baja frecuencia en las hiperlipidemias

Se somete a la acción de un Campo Electromagnético de 40 Gauss, aplicado sobre la región toraco-abdominal, a un grupo de 23 pacientes previamente diagnosticados de Hipertrigliceridemia IIb o IV. Quince pacientes completaron el estudio a simple ciego con y sin Campo Magnético para valorar tras 12...

Full description

Bibliographic Details
Main Author: Valero Alcaide, Raquel.
Corporate Author: e-libro, Corp.
Format: eBook
Language:Spanish
Published: Madrid : Universidad Complutense de Madrid, 1993.
Subjects:
Online Access:https://elibro.net/ereader/uninicaragua/87230
LEADER 02587nam a2200385 a 4500
001 ELB87230
003 FlNmELB
006 m o d |
007 cr cn|||||||||
008 201201r1993 sp |||||s|||||||||||spa d
035 |a (MiAaPQ)EBC3160461 
035 |a (Au-PeEL)EBL3160461 
035 |a (CaPaEBR)ebr10081046 
035 |a (OCoLC)928578968 
040 |a FlNmELB  |b spa  |c FlNmELB 
050 4 |a RC632.H87  |b V165 1993 
080 |a 616.153.96(043.2) 
080 |a 537.811(043.2) 
082 0 4 |a 616.3997  |2 22 
100 1 |a Valero Alcaide, Raquel. 
245 1 0 |a Interacción de los campos electromagnéticos de baja frecuencia en las hiperlipidemias  |h [recurso electronico] /  |c Raquel Valero Alcaide ; [director] Luis Pablo Rodríguez Rodríguez. 
260 |a Madrid :  |b Universidad Complutense de Madrid,  |c 1993. 
300 |a 166 p. 
500 |a El acceso electrónico al texto completo de la tesis corresponde a la edición digital publicada con el ISBN 84-8466-757-X. 
500 |a Tesis inédita de la Universidad Complutense de Madrid, Facultad de Medicina, Departamento de Medicina Física y Rehabilitación (Hidrología Médica), leída el 11-11-1993. 
520 |a Se somete a la acción de un Campo Electromagnético de 40 Gauss, aplicado sobre la región toraco-abdominal, a un grupo de 23 pacientes previamente diagnosticados de Hipertrigliceridemia IIb o IV. Quince pacientes completaron el estudio a simple ciego con y sin Campo Magnético para valorar tras 12 horas de ayuno, la repercusión sobre los siguientes parámetros: Triglicéridos, Colesterol Total, HDL, LDL, Apo A, Apo B100 y Lípidos Totales. Todas las determinaciones (5 en total): Basal, 30'después sin C.M.; a las 24 horas (también después de 12 horas de ayuno) y a los 30'después de aplicar C.M. Para analizar los resultados se realiza un estudio comparativo de medias pareado y análisis de la varianza, apreciándose una disminución estadísticamente significativa en lso valores de la Trigliceridemia tras la aplicación de C.M. Aunque también se aprecian ... 
533 |a Recurso electrónico. Santa Fe, Arg.: e-libro, 2015. Disponible vía World Wide Web. El acceso puede estar limitado para las bibliotecas afiliadas a e-libro. 
650 4 |a Hiperlipidemias. 
650 4 |a Campos electromagnéticos. 
650 4 |a Hyperlipidemia. 
650 4 |a Electromagnetic fields. 
655 4 |a Libros electrónicos. 
700 1 |a Rodríguez Rodríguez, Luis Pablo,  |e dir. 
710 2 |a e-libro, Corp. 
856 4 0 |u https://elibro.net/ereader/uninicaragua/87230